000 00444nam a22001217a 4500
999 _c21657
_d21657
008 240916b ||||| |||| 00| 0 eng d
100 _aMacaraig, Marion.
_eauthor.
_961092
245 _aA lesson plan in physical education /
_cMarion Macaraig.
260 _aPhilippines;
_bPublishers Association of the Philippines, Inc.,
_cJanuary 2018.
300 _aVolume 66, pages 310-311.
700 _aMacaraig, Marion.
_eauthor.
_961092
942 _2ddc
_cPER